00493nam a22001457a 4500008004100000020001500041050002500056245009300081260004600174300002300220440004600243500001900289700002100308700001800329140904b xxu||||| |||| 00| 0 eng d a040685114x aKD288.A64(1976 vol1) aThe All England Law Reports, (1976 vol 1). /cedited by R.N.G. Harrison and R.G.C. Flynn aLondon:bButterworths and Co. Ltd.c1976. axliii,928p.:c24cm pThe All England Law Reports, 1976vVol 1. aIncludes index aHarrison, R.N.G. aFlynn, R.G.C.